| 000 | 00464nam a22001697a 4500 | ||
|---|---|---|---|
| 003 | OSt | ||
| 005 | 20170806111657.0 | ||
| 008 | 110427t xxu||||| |||| 00| 0 eng d | ||
| 040 |
_aLDCLIB _cLDCLIB |
||
| 082 |
_a340.57 _222 _bHOL |
||
| 100 |
_aHolmes, Oliver Wendell. _91936 |
||
| 245 |
_aThe Common Law / _cOliver Wendell Holmes. |
||
| 260 |
_aBoston : _bLittle, Brown and Company, _c1881. |
||
| 300 |
_aiv, 422 p.; _c20 cm. |
||
| 650 | _aCommon law | ||
| 942 |
_2ddc _cBK |
||
| 999 |
_c713 _d713 |
||